[Event "Edmonton WBX tt"]
[Site "Edmonton"]
[Date "2016.12.18"]
[Round "4"]
[White "Rohatynski, Jordan"]
[Black "Brazeau, Robert Warne"]
[Result "0-1"]
[WhiteElo "1523"]
[BlackElo "1702"]
[PlyCount "62"]
[EventDate "2016.12.17"]
[EventType "team-swiss"]
[EventRounds "5"]
[EventCountry "CAN"]
[SourceTitle "EXT 2019"]
[Source "ChessBase"]
[SourceDate "2018.10.10"]
[SourceVersion "1"]
[SourceVersionDate "2018.10.10"]
[SourceQuality "1"]

1. e4 e6 2. d4 d5 3. e5 c5 4. c3 Nc6 5. Nf3 Bd7 6. a3 f6 7. b4 cxd4 8. cxd4 fxe5 9. Nxe5 Nxe5 10. dxe5 Qc7 11. Bb2 0-0-0 12. Qd4 Kb8 13. Bd3 Be7 14. 0-0 Rc8 15. Nd2 Qd8 16. Nb3 Bg5 17. f4 Bh6 18. Nc5 Ne7 19. Rf3 Nc6 20. Nxd7+ Qxd7 21. Qf2 g6 22. Bb5 Rhf8 23. Bd4 a6 24. a4 axb5 25. axb5 Nxd4 26. Qxd4 Qxb5 27. Qa7+ Kc7 28. Rc3+ Kd7 29. Ra5 Qxb4 30. Rxd5+ exd5 31. e6+ Ke7 0-1

[Event "WBX-Tch"]
[Site "Edmonton"]
[Date "2014.12.13"]
[Round "1.1"]
[White "Brazeau, Robert Warne"]
[Black "Dean, Tim"]
[Result "1-0"]
[WhiteElo "1849"]
[BlackElo "1958"]
[PlyCount "107"]
[EventDate "2014.12.13"]
[EventType "swiss"]
[EventRounds "5"]
[EventCountry "CAN"]
[SourceTitle "EXT 2022"]
[Source "ChessBase"]
[SourceDate "2021.10.06"]
[SourceVersion "1"]
[SourceVersionDate "2021.10.06"]
[SourceQuality "1"]

1. d4 Nf6 2. c4 e5 3. dxe5 Ng4 4. Nf3 Bc5 5. e3 Nc6 6. Be2 0-0 7. Nc3 a5 8. 0-0 Re8 9. Qd5 Qe7 10. Na4 Ba7 11. Bd2 Nb4 12. Bxb4 axb4 13. b3 Nxe5 14. Nxe5 Qxe5 15. Qxe5 Rxe5 16. Nb2 Bd4 17. exd4 Rxe2 18. Rae1 Rxe1 19. Rxe1 Kf8 20. Ra1 d5 21. cxd5 Ra5 22. d6 cxd6 23. Nc4 Ra6 24. Ne3 Be6 25. d5 Bd7 26. Kf1 Bb5+ 27. Ke1 Bd3 28. Kd2 Bg6 29. Kc1 Ra5 30. Kb2 Rc5 31. Rc1 Ke7 32. f4 Be4 33. Rc4 f5 34. Rxb4 b5 35. a4 bxa4 36. Rxa4 Bxd5 37. Nxf5+ Kf6 38. Ne3 Bc6 39. Rc4 g5 40. fxg5+ Kxg5 41. Rd4 d5 42. Rg4+ Kf6 43. Rh4 Kg6 44. Rg4+ Kf6 45. Rf4+ Ke5 46. Rf7 d4 47. Nc4+ Ke6 48. Rc7 Kd5 49. Rxh7 Ke4 50. Rh4+ Kd3 51. Rh3+ Ke2 52. g4 d3 53. Re3+ Kf2 54. Rxd3 1-0

[Event "WBX-Tch"]
[Site "Edmonton"]
[Date "2014.12.13"]
[Round "2.1"]
[White "Zeggelaar, Mike"]
[Black "Brazeau, Robert Warne"]
[Result "1-0"]
[WhiteElo "1924"]
[BlackElo "1849"]
[PlyCount "52"]
[EventDate "2014.12.13"]
[EventType "swiss"]
[EventRounds "5"]
[EventCountry "CAN"]
[SourceTitle "EXT 2022"]
[Source "ChessBase"]
[SourceDate "2021.10.06"]
[SourceVersion "1"]
[SourceVersionDate "2021.10.06"]
[SourceQuality "1"]

1. e4 e6 2. d4 d5 3. Nc3 Bb4 4. exd5 exd5 5. Bd3 Nc6 6. Nf3 Nge7 7. 0-0 0-0 8. Bf4 Bf5 9. Ne2 Bxd3 10. Qxd3 Ng6 11. Bg3 Re8 12. Nf4 Bd6 13. Nxg6 Bxg3 14. fxg3 hxg6 15. Qd2 Re7 16. Rae1 Qd6 17. Rxe7 Qxe7 18. Re1 Qd7 19. Qe3 Kf8 20. Ng5 f6 21. Ne6+ Kf7 22. Nc5 Qg4 23. c3 b6 24. h3 Qc8 25. Nd3 g5 26. Qf3 Qh8 1-0

[Event "Edmonton Northern Alberta op"]
[Site "Edmonton"]
[Date "2014.02.16"]
[Round "5.12"]
[White "Brazeau, Robert Warne"]
[Black "Grossmann, Lenard"]
[Result "1/2-1/2"]
[WhiteElo "1850"]
[BlackElo "1632"]
[PlyCount "129"]
[EventDate "2014.02.15"]
[EventType "swiss"]
[EventRounds "5"]
[EventCountry "CAN"]
[SourceTitle "EXT 2022"]
[Source "ChessBase"]
[SourceDate "2021.10.06"]
[SourceVersion "1"]
[SourceVersionDate "2021.10.06"]
[SourceQuality "1"]

1. d4 e6 2. c4 d5 3. Nc3 Nf6 4. cxd5 exd5 5. Bg5 Bb4 6. e3 Be6 7. Qa4+ Nc6 8. Rc1 0-0 9. Bb5 Bxc3+ 10. Rxc3 Nb8 11. Bxf6 gxf6 12. Qc2 c6 13. Bd3 h6 14. Qe2 f5 15. Nh3 Nd7 16. Nf4 Qg5 17. h4 Qe7 18. Qh5 Qf6 19. Nxe6 fxe6 20. g4 fxg4 21. Qxg4+ Kf7 22. Rc2 Ke7 23. Qg6 Qxg6 24. Bxg6 Rac8 25. b4 e5 26. dxe5 Nxe5 27. h5 Rf6 28. b5 Nxg6 29. hxg6 Rxg6 30. bxc6 Rcxc6 31. Rxc6 bxc6 32. Ke2 Ke6 33. Rc1 Kd6 34. Rc3 Rg7 35. Rb3 h5 36. Rb8 Rh7 37. Rg8 h4 38. Rg2 h3 39. Rh2 Ke5 40. f3 Kf5 41. Kf2 c5 42. Kg3 c4 43. Rd2 Ke6 44. Kh2 Kd6 45. e4 Rh5 46. f4 Kc5 47. e5 Rf5 48. e6 Rxf4 49. Re2 Rf8 50. Kxh3 c3 51. e7 Re8 52. Kg2 d4 53. Kf2 Kc4 54. Ke1 d3 55. Re4+ Kd5 56. Re3 Kd4 57. Re6 d2+ 58. Kd1 Kd3 59. Rd6+ Kc4 60. Re6 Kb4 61. Kc2 a5 62. Re4+ Ka3 63. Re5 a4 64. Re4 d1Q+ 65. Kxd1 1/2-1/2

[Event "Edmonton Northern Alberta op"]
[Site "Edmonton"]
[Date "2014.02.15"]
[Round "3.12"]
[White "Brazeau, Robert Warne"]
[Black "Elchoufi, Louay"]
[Result "1-0"]
[WhiteElo "1850"]
[BlackElo "1659"]
[PlyCount "71"]
[EventDate "2014.02.15"]
[EventType "swiss"]
[EventRounds "5"]
[EventCountry "CAN"]
[SourceTitle "EXT 2022"]
[Source "ChessBase"]
[SourceDate "2021.10.06"]
[SourceVersion "1"]
[SourceVersionDate "2021.10.06"]
[SourceQuality "1"]

1. d4 d5 2. c4 c6 3. Nf3 Nf6 4. Nc3 e6 5. e3 Nbd7 6. Bd3 dxc4 7. Bxc4 b5 8. Bd3 Bd6 9. 0-0 0-0 10. Qc2 Bb7 11. e4 e5 12. h3 a6 13. Bg5 Rc8 14. Qe2 c5 15. dxe5 Nxe5 16. Nxe5 Bxe5 17. f4 Qd4+ 18. Kh1 Bb8 19. Rad1 c4 20. Bb1 Qb6 21. e5 Ne8 22. Be7 Qe6 23. Qh5 g6 24. Qh4 Ng7 25. Bxf8 Rxf8 26. Ne4 h5 27. Nc5 Qc8 28. Nxb7 Qxb7 29. Rd2 Ba7 30. Rfd1 Bb6 31. Rd7 Qc8 32. Qe7 Bc5 33. Qf6 Ne6 34. Bxg6 Qe8 35. Bb1 Ng7 36. Qh6 1-0